Online learning system & teacher motivation

Bibliographic Details
Other Authors: Al Azmi Abdul Rahman, ida Rosnita Ismail
Format: Book
Published: Bangi : Penerbit Universiti Kebangsaan Malaysia , 2019
Subjects:

MARC

LEADER 00000cam a2200000 7i4500
001 0000278751
005 20210223095926.0
020 |a 9789674129866 
090 0 0 |a 371.358   |b ONL 
245 1 0 |a Online learning system & teacher motivation   |c edited by Al Azmi Abdul Rahman, Ida Rosnita Ismail 
260 |a Bangi :   |b Penerbit Universiti Kebangsaan Malaysia ,   |c 2019 
300 |a 74p. ;   |c 23cm. 
650 0 |a Distance education   |x Computer-assisted instruction 
650 0 |a Government publications   |z Malaysia 
650 0 |a Open learning 
650 0 |a Telecommunication in education 
700 0 |a Al Azmi Abdul Rahman 
700 0 |a ida Rosnita Ismail 
999 |a 00387203   |b BUKU   |c PINJAMAN   |e PERPUSTAKAAN KOMUNITI PETALING JAYA